000
00356nam a2200133Ia 4500
008
090711s9999 xx 000 0 und d
082
_b
57101
245
_a
दर्शनीय पाथेय
260
_c
1982
300
_a
134
630
_a
दर्शनीय पाथेय
730
_a
दर्शनीय पाथेय
942
_c
BOOK
999
_c
287318
_d
287318